| 000 | 00634nam a22002057a 4500 | ||
|---|---|---|---|
| 999 |
_c12749 _d12749 |
||
| 003 | AR-CdUCM | ||
| 008 | 190410b ||||| |||| 00| 0 spa d | ||
| 040 |
_aMUNICIPALIDAD PROVINCIAL DEL CUSCO _cBIBLIOTECA MUNICIPAL DEL CUSCO |
||
| 082 |
_a869.56 / _bE39 |
||
| 100 |
_aElías, Alaín _930789 |
||
| 245 | _aPiensan que estamos muertos / | ||
| 260 |
_aLima : _bMosca Azul Editores, _c1976. |
||
| 300 |
_a149 páginas ; _bIlustraciones, _c20.5 cm. |
||
| 505 | _aContenido: Novela | ||
| 650 |
_aNovelas peruanas _9545 |
||
| 650 |
_aSiglo XX. _98 |
||
| 700 |
_aSalazar, Jorge _930790 |
||
| 942 |
_2ddc _cLIBROS |
||
| 945 |
_aacv _d2019-04-10 |
||